The Negotiable Instruments Act with Commentary / (Record no. 586896)
[ view plain ]
| 000 -LEADER | |
|---|---|
| fixed length control field | 00386nam a22001337a 4500 |
| 082 ## - DEWEY DECIMAL CLASSIFICATION NUMBER | |
| Classification number | 346.06 CHO |
| 100 ## - MAIN ENTRY--PERSONAL NAME | |
| Personal name | Choudhry, A.M. |
| 245 ## - TITLE STATEMENT | |
| Title | The Negotiable Instruments Act with Commentary / |
| Statement of responsibility, etc. | A.M. Choudhry |
| 260 ## - PUBLICATION, DISTRIBUTION, ETC. | |
| Place of publication, distribution, etc. | Lahore : |
| Name of publisher, distributor, etc. | P.L.D. Publishers, |
| Date of publication, distribution, etc. | 2019. |
| 300 ## - PHYSICAL DESCRIPTION | |
| Extent | 213 p. ; |
| Dimensions | 24 cm. |
| 942 ## - ADDED ENTRY ELEMENTS (KOHA) | |
| Source of classification or shelving scheme | |
| Koha item type | Book |
| Withdrawn status | Lost status | Source of classification or shelving scheme | Damaged status | Not for loan | Permanent Location | Current Location | Shelving location | Date acquired | Source of acquisition | Full call number | Barcode | Date last seen | Price effective from | Koha item type | Total Checkouts |
|---|---|---|---|---|---|---|---|---|---|---|---|---|---|---|---|
| NUST Law School (NLS) | NUST Law School (NLS) | Law | 11/28/2021 | federal Law House | 346.06 CHO | CL-760 | 11/28/2021 | 11/28/2021 | Book | ||||||
| NUST Law School (NLS) | NUST Law School (NLS) | 03/19/2025 | 346.06 CHO | NLS-1526 | 03/19/2025 | 03/19/2025 | Book | ||||||||
| NUST Law School (NLS) | NUST Law School (NLS) | 06/29/2025 | 346.06 CHO | NLS-3053 | 06/29/2025 | 06/29/2025 | Book | ||||||||
| NUST Law School (NLS) | NUST Law School (NLS) | 06/29/2025 | 346.06 CHO | NLS-3054 | 06/29/2025 | 06/29/2025 | Book | ||||||||
| NUST Law School (NLS) | NUST Law School (NLS) | 06/29/2025 | 346.06 CHO | NLS-3055 | 06/29/2025 | 06/29/2025 | Book |
